000 00592nam a22002057a 4500
003 OSt
005 20141011134556.0
008 140924b xxu||||| |||| 00| 0 eng d
020 _a958-04-0378-3
040 _cBMC
082 _a658.15
100 1 _925903
_aPurcell, W. R.
245 1 0 _aCómo comprender las finanzas de una compañia
_b: un enfoque gráfico
_cW.R. Purcell ; traducción, Ignacio Vélez
250 _a3ª reimp
260 _aBogotá
_bNorma
_c1991
300 _a144 p.
_b16 cm
650 2 4 _95713
_aEmpresas
_xFinanzas
700 1 _925904
_aVélez, Ignacio
942 _2ddc
_cBK
999 _c14058
_d14058